[Event "Rilton Cup 50th"]
[Site "Stockholm"]
[Date "2022.12.27"]
[Round "1"]
[White "Gorshtein, Ido"]
[Black "Schenderowitsch, Michael"]
[Result "1-0"]
[WhiteElo "2469"]
[BlackElo "2269"]
[PlyCount "87"]
[EventDate "2022.12.27"]
[EventType "swiss"]
[EventRounds "9"]
[EventCountry "SWE"]
[SourceTitle "CBM 212 Extra"]
[Source "ChessBase"]
[SourceDate "2023.03.31"]
[SourceVersion "1"]
[SourceVersionDate "2023.03.31"]
[SourceQuality "1"]

1. c4 Nf6 2. g3 c6 3. Bg2 d5 4. Nf3 Bf5 5. 0-0 e6 6. d3 dxc4 7. dxc4 Qxd1 8. Rxd1 Nbd7 9. Nc3 e5 10. b3 Bb4 11. Bb2 Ba5 12. h3 h6 13. Nh4 Bh7 14. g4 0-0 15. Rac1 Rfe8 16. Nf5 Bb4 17. a3 Bf8 18. Nd6 Bxd6 19. Rxd6 Nc5 20. b4 Nce4 21. Nxe4 Bxe4 22. f3 Bg6 23. Kf2 Rac8 24. h4 h5 25. g5 Nh7 26. Bh3 Rc7 27. e4 Nf8 28. Rcd1 Rce7 29. a4 a6 30. c5 Nh7 31. Ke3 f6 32. Rg1 Kf7 33. b5 cxb5 34. axb5 axb5 35. Bd7 Ra8 36. Bxb5 Nf8 37. Bc4+ Ke8 38. gxf6 gxf6 39. Rxf6 Bf7 40. Bb5+ Nd7 41. Rd1 Rd8 42. Rfd6 Be6 43. Bxe5 Kf7 44. Bf4 1-0

[Event "GER-ch Rapid 48th"]
[Site "Goettingen"]
[Date "2022.09.24"]
[Round "1"]
[White "Fridman, Daniel"]
[Black "Schenderowitsch, Michael"]
[Result "1/2-1/2"]
[WhiteElo "2607"]
[BlackElo "2292"]
[PlyCount "176"]
[EventDate "2022.09.24"]
[EventType "swiss (rapid)"]
[EventRounds "9"]
[EventCountry "GER"]
[SourceTitle "CBM 210 Extra"]
[Source "ChessBase"]
[SourceDate "2022.11.30"]
[SourceVersion "1"]
[SourceVersionDate "2022.11.30"]
[SourceQuality "1"]

1. d4 e6 2. c4 Nf6 3. Nc3 Bb4 4. Qc2 c5 5. dxc5 0-0 6. Nf3 Na6 7. g3 Nxc5 8. Bg2 Nce4 9. 0-0 Bxc3 10. bxc3 Qa5 11. Nd4 d5 12. cxd5 exd5 13. c4 Qc5 14. Bb2 Qxc4 15. Qxc4 dxc4 16. Rfc1 Bd7 17. Rxc4 Rac8 18. Rac1 Nd6 19. Rc5 Rxc5 20. Rxc5 Rc8 21. Ba3 Nde4 22. Rxc8+ Bxc8 23. Bb4 Bd7 24. a3 b6 25. f3 Nc5 26. e4 Ba4 27. Bf1 a5 28. Bc3 Nfd7 29. Kf2 Kf8 30. Ke3 g6 31. f4 Ke7 32. Bg2 f6 33. Bf1 Nf8 34. g4 Bd7 35. f5 Na4 36. Ba1 Nc5 37. h4 gxf5 38. Nxf5+ Kf7 39. Bc4+ Be6 40. Bd5 Nfd7 41. Bd4 Nb3 42. Nd6+ Ke7 43. Nc8+ Kf7 44. Bxb6 a4 45. Bd8 Bxd5 46. exd5 Ne5 47. Nb6 Nxg4+ 48. Kf4 Ne5 49. Bc7 Nd3+ 50. Kf5 Ndc5 51. Kf4 Nd3+ 52. Ke3 Ndc5 53. h5 Ke8 54. Bd6 Kf7 55. Kf3 Nd4+ 56. Kg4 Ndb3 57. Kf4 Nd3+ 58. Ke3 Ndc5 59. Nc4 Nd7 60. Bb4 Ndc5 61. Nd6+ Kg7 62. Nf5+ Kf7 63. Ke2 Nd7 64. Kd3 Ne5+ 65. Kc3 Ke8 66. Nd6+ Kd7 67. Ne4 Ng4 68. Kd3 f5 69. Ng5 Nf6 70. h6 Nxd5 71. Kc4 Nf6 72. Bc3 Ng4 73. Bg7 Nd2+ 74. Kd3 Ne4 75. Nxh7 Ke7 76. Nf8 Kf7 77. Kd4 Ng5 78. Nd7 Ne6+ 79. Kd5 Ne3+ 80. Kc6 Kg6 81. Ne5+ Kh7 82. Kb5 Nxg7 83. hxg7 Kxg7 84. Kxa4 Nc2 85. Kb3 Nxa3 86. Kxa3 Kf6 87. Nd3 f4 88. Nxf4 Ke5 1/2-1/2

[Event "Maia op 6th"]
[Site "Maia"]
[Date "2022.08.27"]
[Round "2"]
[White "Schenderowitsch, Michael"]
[Black "Almeida Quintana, Omar"]
[Result "0-1"]
[WhiteElo "2306"]
[BlackElo "2513"]
[PlyCount "92"]
[EventDate "2022.08.26"]
[EventType "swiss"]
[EventRounds "9"]
[EventCountry "POR"]
[SourceTitle "CBM 210 Extra"]
[Source "ChessBase"]
[SourceDate "2022.11.30"]
[SourceVersion "1"]
[SourceVersionDate "2022.11.30"]
[SourceQuality "1"]

1. c4 g6 2. d4 Bg7 3. h4 c5 4. d5 Nf6 5. Nc3 d6 6. e4 0-0 7. Be2 e6 8. h5 exd5 9. exd5 Re8 10. hxg6 hxg6 11. Bh6 Bxh6 12. Rxh6 Ng4 13. Rh1 Qf6 14. Nf3 Nd7 15. Kf1 Nde5 16. Qd2 Bf5 17. Rd1 a6 18. Qg5 Nxf3 19. Qxf6 Nxf6 20. Bxf3 Rab8 21. Be2 Bd7 22. f3 b5 23. Kf2 bxc4 24. Rd2 Rb4 25. a3 Rb6 26. g4 Reb8 27. Rb1 Rb3 28. Rc2 Bxg4 29. Bxc4 Bf5 30. Bxb3 Rxb3 31. Rbc1 Bxc2 32. Rxc2 Kf8 33. Rd2 Nd7 34. Ne4 Ke7 35. Re2 Ne5 36. Nd2 Rxb2 37. f4 c4 38. fxe5 c3 39. exd6+ Kd8 40. Re7 f5 41. Ke3 f4+ 42. Kd3 cxd2 43. Ke2 f3+ 44. Kd1 f2 45. Rf7 f1Q+ 46. Rxf1 Rb1+ 0-1

[Event "Mirandela op 3rd"]
[Site "Mirandela"]
[Date "2022.08.20"]
[Round "5"]
[White "Schenderowitsch, Michael"]
[Black "Umetsubo, Cesar Hidemitsu"]
[Result "1/2-1/2"]
[WhiteElo "2306"]
[BlackElo "2407"]
[PlyCount "63"]
[EventDate "2022.08.17"]
[EventType "swiss"]
[EventRounds "9"]
[EventCountry "POR"]
[SourceTitle "CBM 209 Extra"]
[Source "ChessBase"]
[SourceDate "2022.09.30"]
[SourceVersion "1"]
[SourceVersionDate "2022.09.30"]
[SourceQuality "1"]

1. d4 Nf6 2. c4 e6 3. Nf3 b6 4. g3 Bb7 5. Bg2 Be7 6. 0-0 0-0 7. Nc3 Ne4 8. Nxe4 Bxe4 9. Nh4 Bxg2 10. Nxg2 d5 11. Qa4 dxc4 12. Qxc4 c5 13. dxc5 Bxc5 14. Be3 Nd7 15. Rfd1 Qe7 16. Bxc5 Nxc5 17. Rac1 a5 18. Qb5 Rab8 19. Ne3 Qe8 20. Qxe8 Rfxe8 21. b3 Kf8 22. Nc4 Rec8 23. f3 Ke7 24. Kf2 f6 25. h4 h5 26. Ke3 Na6 27. Kd2 Nb4 28. a3 Nc6 29. e3 b5 30. Nb2 Ne5 31. Ke2 g6 32. Nd3 1/2-1/2

[Event "BL2-West 1920"]
[Site "Germany"]
[Date "2020.02.09"]
[Round "6.1"]
[White "Schenderowitsch, Michael"]
[Black "Kuzmicz, Krystian"]
[Result "1/2-1/2"]
[WhiteElo "2334"]
[BlackElo "2464"]
[PlyCount "29"]
[EventDate "2019.09.19"]
[EventType "team-tourn"]
[EventRounds "9"]
[EventCountry "GER"]
[SourceTitle "EXT 2023"]
[Source "ChessBase"]
[SourceDate "2022.10.05"]
[SourceVersion "1"]
[SourceVersionDate "2022.10.05"]
[SourceQuality "1"]
[WhiteTeam "Koblenz SV"]
[BlackTeam "Dortmund Hansa"]
[WhiteTeamCountry "GER"]
[BlackTeamCountry "GER"]

1. d4 g6 2. c4 Bg7 3. Nf3 c5 4. d5 d6 5. e4 e6 6. Nc3 Ne7 7. h3 0-0 8. Bd3 h6 9. 0-0 Na6 10. Be3 Nc7 11. Qd2 g5 12. h4 g4 13. Ne1 h5 14. Bg5 f6 15. Bh6 1/2-1/2

[Event "BL2-West 1920"]
[Site "Germany"]
[Date "2019.11.24"]
[Round "3.3"]
[White "Schenderowitsch, Michael"]
[Black "Xu, Xianliang"]
[Result "0-1"]
[WhiteElo "2334"]
[BlackElo "2440"]
[PlyCount "106"]
[EventDate "2019.09.19"]
[EventType "team-tourn"]
[EventRounds "9"]
[EventCountry "GER"]
[SourceTitle "EXT 2023"]
[Source "ChessBase"]
[SourceDate "2022.10.05"]
[SourceVersion "1"]
[SourceVersionDate "2022.10.05"]
[SourceQuality "1"]
[WhiteTeam "Koblenz SV"]
[BlackTeam "Koeln Porz"]
[WhiteTeamCountry "GER"]
[BlackTeamCountry "GER"]

1. d4 d5 2. c4 Nc6 3. cxd5 Qxd5 4. e3 e5 5. Nc3 Bb4 6. Bd2 Bxc3 7. Bxc3 exd4 8. Ne2 Bg4 9. f3 0-0-0 10. Nxd4 Be6 11. Qa4 Nge7 12. Nxe6 Qxe6 13. Qe4 Qxe4 14. fxe4 f6 15. Bc4 Rhe8 16. Bf7 Rf8 17. Be6+ Kb8 18. Ke2 Nc8 19. Rad1 Nd6 20. Bd5 Ne5 21. Bb4 Rfe8 22. Rd2 Ndc4 23. Bxc4 Rxd2+ 24. Bxd2 Nxc4 25. Bc3 Rxe4 26. Kd3 Nd6 27. Rf1 c5 28. b3 b5 29. Rf3 Kb7 30. Be1 Kc6 31. Bg3 c4+ 32. bxc4 Rxc4 33. Bxd6 Kxd6 34. Rg3 g5 35. Rf3 Ke5 36. Rf2 a6 37. Rb2 Ra4 38. Rd2 h5 39. Ke2 Ke4 40. Kf2 a5 41. Rb2 b4 42. Rd2 Ra3 43. Rd4+ Ke5 44. Rd2 a4 45. Ke2 b3 46. axb3 axb3 47. Rd8 Ra2+ 48. Kf3 b2 49. Rb8 Kd5 50. h4 gxh4 51. Rb7 Kc4 52. Kf4 Ra4 53. Rxb2 Kc3+ 0-1

[Event "BL2-Sued 1617"]
[Site "Germany"]
[Date "2017.04.23"]
[Round "8.6"]
[White "Nazarenus, Moritz"]
[Black "Schenderowitsch, Michael"]
[Result "1/2-1/2"]
[WhiteElo "2223"]
[BlackElo "2343"]
[PlyCount "57"]
[EventDate "2016.10.16"]
[EventType "team-tourn"]
[EventRounds "9"]
[EventCountry "GER"]
[SourceTitle "EXT 2018"]
[Source "ChessBase"]
[SourceDate "2017.10.13"]
[SourceVersion "1"]
[SourceVersionDate "2017.10.13"]
[SourceQuality "1"]
[WhiteTeam "Schoeneck"]
[BlackTeam "Schott Mainz"]
[WhiteTeamCountry "GER"]
[BlackTeamCountry "GER"]

1. d4 e6 2. c4 Nf6 3. Nf3 Bb4+ 4. Nbd2 b6 5. g3 Bb7 6. Bg2 0-0 7. 0-0 d5 8. a3 Be7 9. b3 Nbd7 10. Bb2 c5 11. e3 Rc8 12. Rc1 Rc7 13. dxc5 Nxc5 14. Ne5 Ncd7 15. Nxd7 Rxd7 16. Qc2 dxc4 17. Nxc4 Bxg2 18. Kxg2 Qa8+ 19. Kg1 Rc8 20. Qe2 Rcd8 21. Rc2 Ne4 22. Qf3 Bf6 23. Bxf6 gxf6 24. Qg4+ Kf8 25. f3 Nc5 26. Qh4 Kg7 27. Qg4+ Kf8 28. Qh4 Kg7 29. Qg4+ 1/2-1/2

[Event "BL2-Sued 1617"]
[Site "Germany"]
[Date "2017.03.19"]
[Round "7.6"]
[White "Schenderowitsch, Michael"]
[Black "Libiszewski, Fabien"]
[Result "1/2-1/2"]
[WhiteElo "2343"]
[BlackElo "2545"]
[PlyCount "25"]
[EventDate "2016.10.16"]
[EventType "team-tourn"]
[EventRounds "9"]
[EventCountry "GER"]
[SourceTitle "EXT 2018"]
[Source "ChessBase"]
[SourceDate "2017.10.13"]
[SourceVersion "1"]
[SourceVersionDate "2017.10.13"]
[SourceQuality "1"]
[WhiteTeam "Schott Mainz"]
[BlackTeam "Viernheim"]
[WhiteTeamCountry "GER"]
[BlackTeamCountry "GER"]

1. d4 Nf6 2. c4 g6 3. Nf3 Bg7 4. g3 0-0 5. Bg2 d6 6. Nc3 Nc6 7. d5 Na5 8. b3 c6 9. Bb2 cxd5 10. cxd5 Bd7 11. Nd4 Qb6 12. Qd2 Ng4 13. Nd1 1/2-1/2